Statistiques concernant Estimez la population de ces villes mondiales #1

Cliquez ici pour prendre le quiz!

Statistiques générales

  • Ce quiz a été pris 23 fois
  • Le résultat moyen est 5 sur 15

Statistiques - réponses

QuestionRéponse% Correct
São Paulo11 450 000
60%
Istanbul15 660 000
50%
Londres9 250 000
50%
Lagos16 540 000
45%
Pékin21 890 000
40%
Lisbonne550 000
35%
Johannesbourg5 930 000
30%
Le Caire10 030 000
25%
Moscou12 460 000
25%
New Delhi17 070 000
25%
Los Angeles3 900 000
25%
Sydney4 840 000
25%
New York7 930 000
15%
Jakarta11 080 000
10%
Buenos Aires3 120 000
5%

Distribution des résultats

Percentile par nombre de réponses

% des personnes avec chaque résultat

Votre développement - résultats

Vous n’avez pas pris ce quiz